Online Public Access Catalogue

Ischemic Heart Disease / (Record no. 644)

MARC details
000 -LEADER
fixed length control field 00495nam a2200181Ia 4500
020 ## - INTERNATIONAL STANDARD BOOK NUMBER
International Standard Book Number 0801646243
082 ## - DEWEY DECIMAL CLASSIFICATION NUMBER
Classification number 616.123
Author Mark SHK
100 ## - MAIN ENTRY--PERSONAL NAME
Author Name Shkhvatsabaya, I. K.
100 ## - MAIN ENTRY--PERSONAL NAME
Author Name V. N. Bobrov
100 ## - MAIN ENTRY--PERSONAL NAME
Author Name Valle L. William
245 #0 - TITLE STATEMENT
Title Ischemic Heart Disease /
250 ## - EDITION STATEMENT
Edition statement 1st
260 ## - PUBLICATION, DISTRIBUTION, ETC.
Place of publication, distribution, etc. London
Name of publisher, distributor, etc. The C. V. Mosby Company
Date of publication, distribution, etc. 1979
300 ## - PHYSICAL DESCRIPTION
No of Pages ix; 413p.
Dimensions 21
504 ## - BIBLIOGRAPHY, ETC. NOTE
Bibliography, Index, etc. note Include: References from page 372
650 ## - SUBJECT ADDED ENTRY--TOPICAL TERM
Subject Cardiology
Keywords Coronary Disease.
-- Neurogenic Heart
-- IMDC
942 ## - ADDED ENTRY ELEMENTS (KOHA)
Koha item type Books
Source of classification or shelving scheme
Holdings
Item status Home library Current library Shelving location Date acquired Total Checkouts Full call number Barcode Date last seen Koha item type
  Islamabad Medical and Dental College Islamabad Medical and Dental College Islamabad Medical and Dental College 16/03/2018   616.123 SHK 0651 16/03/2018 Books

Copyright @ IMDC Library
Islamabad Medical and Dental College
Bhara Kahu, Islamabad

  Contact the Librarian, IMDC
  Email:: library@imdcollege.edu.pk

  OPAC Customized by
  Mazhar Hussain,
  Librarian:
  Islamabad Medical and Dental College
  Email:: library@imdcollege.edu.pk